000 00680nam a2200205Ia 4500
005 20250508163451.0
008 008 250505s9999 xx 000 0 eng d
037 _aBooks to be hide in OPAC
040 _aFEDL
_beng
_cFEDL
041 _aeng
_2eng
084 _a376, NCE/O
_qFEDL
100 _aIndira Kulshreshtha Ed.
_9775391
245 0 _aStatus of women through curriculum: Secondary and senior secondary stages
260 _aNew Delhi, India
_bNational Council of Educational Research and Training
_c1984
300 _a105p.
546 _aTeacher's handbook
700 _a Surja Kumari Ed.
_9775392
942 _cHB
_h376, NCE/O
999 _c1383474
_d1383474